000 00731cas a22002415a 4500
001 L465
008 070608c1996 xxkmr p 0 a0eng
022 1 _a1467-3487
035 _a(Sirsi) u99079
041 _aeng
110 2 _aRoyal Institution of Chartered Surveyors RICS Economics
_95031
240 _aRICS UK Economic Brief
245 _aUK Economic Brief
260 _aLondon
_bRICS
_c1996-
362 0 _aLondon: October 1996-
362 0 _aEdinburgh: May 1997-
554 _a12 per year
651 4 _aUnited Kingdom
_y
690 _aPROPERTY
856 4 8 _uhttps://www.rics.org/Property/Propertymarket/uk+economic+brief.htm
_zView the report free of charge at www.rics.org...
942 _n0
948 _c21/07/1997
999 _c118644
_d118644